[Event "Reykjavik Open 2009"]
[Site "Reykjavik"]
[Date "2009.04.01"]
[Round "9.14"]
[White "Breder, Dennis"]
[Black "Danielsen, Henrik"]
[Result "1/2-1/2"]
[WhiteElo "2427"]
[BlackElo "2482"]
[PlyCount "164"]
[EventDate "2009.03.24"]

1. e4 c6 2. c4 e5 3. Nf3 d6 4. d4 Nd7 5. Nc3 Ngf6 6. Be2 g6 7. O-O Bg7 8. Re1
O-O 9. Bf1 h6 10. h3 exd4 11. Nxd4 Re8 12. Nb3 a5 13. a4 Qc7 14. Bf4 Ne5 15.
Rc1 Bd7 16. c5 dxc5 17. Nxc5 Rad8 18. Nxd7 Nfxd7 19. Bg3 Qb6 20. Qc2 Nf8 21.
Kh1 g5 22. f4 gxf4 23. Bf2 Qc7 24. Nd5 Qb8 25. Nb6 Nfg6 26. Red1 h5 27. Qb3 Bh6
28. Rc5 f3 29. Rxa5 Rxd1 30. Qxd1 Rd8 31. Qxd8+ Qxd8 32. Ra8 fxg2+ 33. Kxg2
Nf4+ 34. Kh1 Qxa8 35. Nxa8 Ned3 36. Be3 Nxb2 37. a5 Nd1 38. Bxf4 Bxf4 39. a6
bxa6 40. Bxa6 Nc3 41. Bb7 c5 42. Nb6 Be5 43. Kg2 f6 44. Kf3 Nb5 45. Ke3 Kg7 46.
Ba6 Nd6 47. Nc4 Nf7 48. Bc8 Kg6 49. Kf3 Nd8 50. Bd7 Kg5 51. Ne3 Bd4 52. Nf5 h4
53. Nd6 Be5 54. Nc4 Bh2 55. Ke3 Bg3 56. Kf3 Be1 57. Nd6 Bg3 58. e5 Bxe5 59.
Ne4+ Kh6 60. Nxc5 Nf7 61. Ne4 Bb8 62. Bf5 Ne5+ 63. Kg2 Kg7 64. Nd2 Nf7 65. Kf3
Bg3 66. Ne4 Be1 67. Ke2 Bb4 68. Kf3 Nh6 69. Be6 f5 70. Nf2 Kf6 71. Ba2 Bd6 72.
Nd3 Kg5 73. Bd5 Bg3 74. Bc4 Kf6 75. Bb3 Kg6 76. Bc4 Kg5 77. Bb3 f4 78. Be6 Kf6
79. Ba2 Kf5 80. Bb3 Kg5 81. Be6 Kf6 82. Ba2 Kg5 1/2-1/2

[Event "Reykjavik Open 2009"]
[Site "Reykjavik"]
[Date "2009.04.01"]
[Round "9.15"]
[White "Gretarsson, Hjorvar Steinn"]
[Black "Harika, Dronavalli"]
[Result "0-1"]
[WhiteElo "2279"]
[BlackElo "2473"]
[PlyCount "58"]
[EventDate "2009.03.24"]

1. c4 g6 2. Nc3 Bg7 3. d4 Nf6 4. e4 O-O 5. f3 Nc6 6. Nge2 e5 7. Be3 Nh5 8. d5
Na5 9. Ng3 Qh4 10. Bf2 Nxg3 11. Bxg3 Qe7 12. Qd2 b6 13. Be2 Nb7 14. O-O-O d6
15. Bf2 a6 16. b4 Bd7 17. Kb2 Rfb8 18. a3 b5 19. cxb5 axb5 20. g4 Qe8 21. Ra1
c5 22. dxc6 Bxc6 23. Nd5 Bxd5 24. Qxd5 Nd8 25. Be3 Ne6 26. Rac1 Nf4 27. Bxf4
exf4+ 28. Ka2 Qe7 29. Rhd1 Rxa3+ 0-1

[Event "Reykjavik Open 2009"]
[Site "Reykjavik"]
[Date "2009.04.01"]
[Round "9.16"]
[White "Rombaldoni, Denis"]
[Black "Grandelius, Nils"]
[Result "0-1"]
[WhiteElo "2418"]
[BlackElo "2464"]
[PlyCount "102"]
[EventDate "2009.03.24"]

1. e4 e5 2. Nf3 Nc6 3. d4 exd4 4. Nxd4 Nf6 5. Nxc6 bxc6 6. e5 Qe7 7. Qe2 Nd5 8.
c4 Ba6 9. b3 g6 10. f4 f6 11. Ba3 Nb4 12. Bb2 Bh6 13. g3 O-O 14. a3 Nd5 15. Qe4
Nb6 16. Nd2 d6 17. c5 Bxf1 18. cxb6 Bh3 19. exd6 Qxd6 20. O-O-O axb6 21. Nc4
Qe6 22. Rhe1 Qxe4 23. Rxe4 Bf5 24. Re7 Rf7 25. Rde1 Kf8 26. Rxf7+ Kxf7 27. Bc3
Bf8 28. Kb2 Be6 29. Bb4 c5 30. Bd2 Rd8 31. Bc1 Rd3 32. Re3 Rd4 33. Nd2 Bg7 34.
Nf3 Rd1 35. Re1 Rd3 36. Re3 Rxe3 37. Bxe3 Bd5 38. Ne1 Ke6 39. Nd3 c4 40. bxc4
Bxc4 41. Nf2 Kd5 42. f5 g5 43. Kc3 b5 44. Bd4 c5 45. Be3 Bf8 46. Ng4 Be7 47.
Bc1 Ke4 48. a4 Be2 49. Nf2+ Kf3 50. axb5 Kxf2 51. b6 Ba6 0-1

[Event "Reykjavik Open 2009"]
[Site "Reykjavik"]
[Date "2009.04.01"]
[Round "9.18"]
[White "Carlhammar, Magnus"]
[Black "Macak, Stefan"]
[Result "1/2-1/2"]
[WhiteElo "2350"]
[BlackElo "2527"]
[PlyCount "77"]
[EventDate "2009.03.24"]

1. c4 Nf6 2. Nf3 g6 3. g3 Bg7 4. Bg2 O-O 5. O-O d6 6. Nc3 a6 7. d4 c6 8. e4 b5
9. e5 Ne8 10. cxb5 axb5 11. exd6 exd6 12. Bg5 Qc7 13. a3 Ba6 14. Re1 Nf6 15.
Rc1 Nbd7 16. Nd2 h6 17. Bxf6 Nxf6 18. Nde4 Nxe4 19. Nxe4 Bb7 20. Qd2 Rad8 21.
Qf4 f5 22. Nc5 g5 23. Ne6 gxf4 24. Nxc7 fxg3 25. hxg3 Bxd4 26. Ne6 Bxb2 27. Rc2
Bxa3 28. Nxd8 Rxd8 29. Re7 Ba8 30. Bxc6 Bxc6 31. Rxc6 d5 32. Rb7 d4 33. Rg6+
Kh8 34. Rxh6+ Kg8 35. Rg6+ Kf8 36. Rf6+ Kg8 37. Rg6+ Kf8 38. Rf6+ Kg8 39. Rg6+
1/2-1/2

[Event "Reykjavik Open 2009"]
[Site "Reykjavik"]
[Date "2009.04.01"]
[Round "9.19"]
[White "Vernay, Clovis"]
[Black "Kristjansson, Stefan"]
[Result "0-1"]
[WhiteElo "2339"]
[BlackElo "2472"]
[PlyCount "110"]
[EventDate "2009.03.24"]

1. d4 Nf6 2. c4 c5 3. d5 e6 4. Nc3 exd5 5. cxd5 d6 6. e4 g6 7. f4 Bg7 8. Bb5+
Nfd7 9. a4 Qh4+ 10. g3 Qd8 11. Nf3 O-O 12. O-O a6 13. Bd3 Re8 14. Re1 Nf8 15.
Nd2 Nbd7 16. Nc4 Nb6 17. Ne3 Qc7 18. a5 Nbd7 19. Nc4 b5 20. axb6 Nxb6 21. Bd2
Nxc4 22. Bxc4 Nd7 23. Qf3 Rb8 24. Na4 Bd4+ 25. Be3 Bg7 26. Bd2 Bd4+ 27. Be3 Rb4
28. Bxd4 cxd4 29. b3 a5 30. Re2 Nb6 31. Nxb6 Qxb6 32. Qd3 Bd7 33. Rea2 a4 34.
bxa4 Qc5 35. Bb5 Bxb5 36. axb5 Rxb5 37. Rc2 Qb4 38. Rd1 Rc5 39. Re2 Rc4 40.
Rdd2 Qc5 41. Kg2 Kf8 42. Qf3 Rc3 43. Rd3 Rxd3 44. Qxd3 f5 45. Kh3 fxe4 46. Rxe4
Qxd5 47. Rxd4 Qh5+ 48. Kg2 Re2+ 49. Kf1 Ra2 50. Re4 Qh3+ 51. Ke1 Ra1+ 52. Kf2
Qxh2+ 53. Kf3 Qh1+ 54. Kf2 Ra2+ 55. Ke3 Qc1+ 0-1

[Event "Reykjavik Open 2009"]
[Site "Reykjavik"]
[Date "2009.04.01"]
[Round "9.21"]
[White "Thorfinnsson, Bjorn"]
[Black "Lucaroni, Massimiliano"]
[Result "0-1"]
[WhiteElo "2408"]
[BlackElo "2310"]
[PlyCount "62"]
[EventDate "2009.03.24"]

1. d4 e6 2. g3 f5 3. Bg2 Nf6 4. c4 d6 5. Nc3 Be7 6. Nf3 O-O 7. O-O Qe8 8. Re1
Qh5 9. e4 fxe4 10. Nxe4 Nxe4 11. Rxe4 Bf6 12. Bf4 Nc6 13. Ng5 Qxd1+ 14. Rxd1
Nxd4 15. Rexd4 Bxd4 16. Rxd4 h6 17. Nf3 e5 18. Nxe5 dxe5 19. Bxe5 c6 20. b4 a6
21. Rd6 Re8 22. f4 Be6 23. b5 Rad8 24. bxa6 Rxd6 25. axb7 Rd1+ 26. Kf2 Rd2+ 27.
Kg1 c5 28. b8=Q Rxb8 29. Bxb8 Bxc4 30. Ba7 Bd5 31. Bxd5+ Rxd5 0-1

[Event "Reykjavik Open 2009"]
[Site "Reykjavik"]
[Date "2009.04.01"]
[Round "9.22"]
[White "Arngrimsson, Dagur"]
[Black "Guilleux, Fabien"]
[Result "1-0"]
[WhiteElo "2404"]
[BlackElo "2303"]
[PlyCount "51"]
[EventDate "2009.03.24"]

1. e4 c5 2. Nf3 d6 3. d4 Nf6 4. Nc3 cxd4 5. Nxd4 Nc6 6. Bc4 e6 7. Bb3 a6 8. O-O
Qc7 9. Be3 b5 10. Nxc6 Qxc6 11. a4 b4 12. a5 Bd7 13. Na4 Qxe4 14. Re1 Bc6 15.
f3 Qg6 16. Nb6 Rd8 17. c3 bxc3 18. Ba4 Bd7 19. Nxd7 Nxd7 20. Bb6 cxb2 21. Rb1
Rc8 22. Rxb2 Be7 23. Bxd7+ Kxd7 24. Qa4+ Rc6 25. Rc1 Rhc8 26. Rbc2 1-0

[Event "Reykjavik Open 2009"]
[Site "Reykjavik"]
[Date "2009.04.01"]
[Round "9.23"]
[White "Thorfinnsson, Bragi"]
[Black "Cori T, Deysi"]
[Result "1-0"]
[WhiteElo "2383"]
[BlackElo "2256"]
[PlyCount "83"]
[EventDate "2009.03.24"]

1. d4 Nf6 2. c4 e6 3. Nf3 b6 4. g3 Ba6 5. Qc2 b5 6. cxb5 Bxb5 7. Bg2 Bc6 8. O-O
Qc8 9. Bf4 Qb7 10. Rc1 Be7 11. Nbd2 a5 12. Nc4 O-O 13. Bd2 Be4 14. Qb3 Bb4 15.
Bg5 a4 16. Qe3 Be7 17. Qf4 Bc6 18. Nce5 Nd5 19. Qd2 f6 20. Nxc6 Nxc6 21. e4 Nb6
22. Bf4 Rfc8 23. d5 Na5 24. dxe6 dxe6 25. e5 c6 26. exf6 Bxf6 27. Qe2 Re8 28.
Be5 Nd5 29. Bxf6 gxf6 30. Nd4 Qd7 31. Bh3 f5 32. Qd2 Nf6 33. Bg2 Rab8 34. Rc2
Red8 35. Qg5+ Kf7 36. Nf3 Rb5 37. Re1 Rg8 38. Qf4 Qd3 39. Rd2 Qc4 40. Qc7+ Kg6
41. Nh4+ Kh6 42. Qf7 1-0

[Event "Reykjavik Open 2009"]
[Site "Reykjavik"]
[Date "2009.04.01"]
[Round "9.24"]
[White "Cori, Jorge"]
[Black "Andersen, Mads"]
[Result "1/2-1/2"]
[WhiteElo "2370"]
[BlackElo "2190"]
[PlyCount "114"]
[EventDate "2009.03.24"]

1. g3 d5 2. Bg2 c6 3. d4 Nf6 4. f4 Bf5 5. Nf3 e6 6. O-O Nbd7 7. e3 Be7 8. Nbd2
Ne4 9. Nxe4 Bxe4 10. b3 O-O 11. Bb2 f5 12. c4 b5 13. c5 Bxf3 14. Bxf3 a5 15.
Bc3 Nf6 16. Be1 Qe8 17. a4 b4 18. Ra2 Ne4 19. g4 fxg4 20. Bxg4 Rf5 21. Rg2 Kh8
22. Bf3 Nf6 23. Be2 g6 24. Bd3 Qd7 25. Bh4 Ng8 26. Bxf5 exf5 27. Bg5 Qe6 28.
Qf3 Re8 29. Re1 Bf6 30. Ree2 Bxg5 31. fxg5 Qe4 32. Qxe4 Rxe4 33. Kf2 Kg7 34.
Kf3 h5 35. gxh6+ Kxh6 36. Rg3 g5 37. Reg2 g4+ 38. Ke2 Nf6 39. Rf2 Kg5 40. Kd3
Nh5 41. Rg1 f4 42. Re1 fxe3 43. Rxe3 Nf4+ 44. Kd2 Rxd4+ 45. Kc2 Re4 46. Kd2
Rd4+ 47. Kc2 Re4 48. Rxe4 dxe4 49. Kd2 Nd3 50. Rf8 Nxc5 51. Kc2 Ne6 52. Ra8
Nd4+ 53. Kd2 Kf4 54. Rf8+ Ke5 55. Ke3 Nc2+ 56. Kd2 Nd4 57. Ke3 Nc2+ 1/2-1/2

[Event "Reykjavik Open 2009"]
[Site "Reykjavik"]
[Date "2009.04.01"]
[Round "9.25"]
[White "Kjartansson, Gudmundur"]
[Black "Edvardsson, Kristjan"]
[Result "1-0"]
[WhiteElo "2365"]
[BlackElo "2253"]
[PlyCount "67"]
[EventDate "2009.03.24"]

1. c4 Nf6 2. Nc3 g6 3. d4 Bg7 4. e4 d6 5. h3 O-O 6. Bg5 c5 7. d5 h6 8. Be3 e6
9. Nf3 exd5 10. cxd5 Re8 11. Bd3 Na6 12. O-O Nc7 13. Qd2 Kh7 14. a3 a6 15. Rfe1
b6 16. Bf4 Bf8 17. Rad1 Ra7 18. Bc2 Nd7 19. e5 dxe5 20. Bxe5 Nxe5 21. Nxe5 Rxe5
22. Rxe5 Nb5 23. Nxb5 axb5 24. d6 Rd7 25. Qe2 Bxd6 26. Re8 Qc7 27. Rxd6 Qxd6
28. Rxc8 Re7 29. Be4 f5 30. Qd3 Qf6 31. Qd8 Qg7 32. Bd5 h5 33. Bg8+ Kh6 34.
Qd2+ 1-0

[Event "Reykjavik Open 2009"]
[Site "Reykjavik"]
[Date "2009.04.01"]
[Round "9.26"]
[White "Halldorsson, Jon Arni"]
[Black "Cohen, Or"]
[Result "0-1"]
[WhiteElo "2162"]
[BlackElo "2286"]
[PlyCount "66"]
[EventDate "2009.03.24"]

1. d4 d5 2. Nf3 Nc6 3. Bf4 Bg4 4. e3 e6 5. Nbd2 Bd6 6. Bxd6 cxd6 7. c4 dxc4 8.
Bxc4 Nf6 9. Qb3 O-O 10. Bd3 Bxf3 11. Nxf3 Qa5+ 12. Ke2 Nb4 13. Rhd1 Rfc8 14.
Kf1 Nxd3 15. Qxd3 Rc6 16. Nd2 Rac8 17. Nb3 Qb4 18. Qd2 Qb5+ 19. Qe2 Qa4 20.
Rdc1 Nd5 21. Rxc6 Rxc6 22. Rc1 Qxa2 23. Qb5 h6 24. Rxc6 bxc6 25. Qb8+ Kh7 26.
Nd2 Qa6+ 27. Ke1 c5 28. Ne4 cxd4 29. Nxd6 dxe3 30. Nxf7 Qa5+ 31. Kf1 Qd2 32.
Qh8+ Kg6 33. Ne5+ Kf5 0-1

[Event "Reykjavik Open 2009"]
[Site "Reykjavik"]
[Date "2009.04.01"]
[Round "9.28"]
[White "Eliasson, Kristjan Orn"]
[Black "Lagerman, Robert"]
[Result "1/2-1/2"]
[WhiteElo "1940"]
[BlackElo "2368"]
[PlyCount "59"]
[EventDate "2009.03.24"]

1. e4 e5 2. Nf3 Nc6 3. d4 exd4 4. Nxd4 Nf6 5. Nc3 Bb4 6. Nxc6 bxc6 7. Bd3 d5 8.
exd5 cxd5 9. O-O O-O 10. Bg5 c6 11. h3 h6 12. Bh4 Bd6 13. Ne2 c5 14. c3 Rb8 15.
Qc1 Re8 16. Re1 Bd7 17. b3 Rb6 18. Qd2 Bf8 19. f3 Rbe6 20. Bf2 Qa5 21. Nf4
Rxe1+ 22. Bxe1 Qc7 23. Bf2 Bd6 24. Ne2 Be6 25. Rd1 Nh5 26. Bb1 Nf4 27. Nxf4
Bxf4 28. Qd3 g6 29. Re1 Kh7 30. Qb5 1/2-1/2

[Event "Reykjavik Open 2009"]
[Site "Reykjavik"]
[Date "2009.04.01"]
[Round "9.29"]
[White "Thorsteinsson, Thorsteinn"]
[Black "Asgeirsson, Heimir"]
[Result "1/2-1/2"]
[WhiteElo "2288"]
[BlackElo "2171"]
[PlyCount "61"]
[EventDate "2009.03.24"]

1. d4 d5 2. c4 e6 3. Nf3 Nf6 4. Nc3 Be7 5. Bg5 h6 6. Bh4 O-O 7. e3 b6 8. Qb3
Bb7 9. Bxf6 Bxf6 10. cxd5 exd5 11. Rd1 Re8 12. Be2 c6 13. O-O Nd7 14. Rfe1 Nf8
15. Bd3 Ne6 16. Bb1 g6 17. Rd2 Bg7 18. Qd1 Qc7 19. a3 Rad8 20. Ba2 Qb8 21. Qc1
Re7 22. b4 Qa8 23. Na4 Rc7 24. Rc2 Rdc8 25. Qd2 c5 26. bxc5 bxc5 27. Nxc5 Nxc5
28. Rxc5 Rxc5 29. dxc5 Rxc5 30. Nd4 Qc8 31. g3 1/2-1/2

[Event "Reykjavik Open 2009"]
[Site "Reykjavik"]
[Date "2009.04.01"]
[Round "9.30"]
[White "Berg, Runar"]
[Black "Halldorsson, Gudmundur"]
[Result "1/2-1/2"]
[WhiteElo "2130"]
[BlackElo "2248"]
[PlyCount "67"]
[EventDate "2009.03.24"]

1. e4 e6 2. d4 d5 3. Nc3 Bb4 4. e5 c5 5. a3 Bxc3+ 6. bxc3 Ne7 7. h4 Nbc6 8. h5
Qa5 9. Bd2 cxd4 10. cxd4 Qa4 11. Be3 Nf5 12. Nf3 Bd7 13. g4 Nxe3 14. fxe3 O-O-O
15. c4 Qxd1+ 16. Rxd1 dxc4 17. Bxc4 Na5 18. Bd3 Bc6 19. Ke2 h6 20. Rhf1 Rd7 21.
Nd2 Kd8 22. Be4 Ba4 23. Rb1 Ke7 24. Rb4 Bc6 25. Bxc6 Nxc6 26. Rc4 Na5 27. Rc3
f6 28. exf6+ gxf6 29. Ne4 Rf8 30. Rc5 b6 31. Rc3 Nb7 32. Rc6 Na5 33. Rc3 Nb7
34. Rc6 1/2-1/2

[Event "Reykjavik Open 2009"]
[Site "Reykjavik"]
[Date "2009.04.01"]
[Round "9.31"]
[White "Moskow, Eric"]
[Black "Bjornsson, Sverrir Orn"]
[Result "1/2-1/2"]
[WhiteElo "2225"]
[BlackElo "2161"]
[PlyCount "75"]
[EventDate "2009.03.24"]

1. c4 e5 2. g3 c6 3. d4 Bb4+ 4. Bd2 Bxd2+ 5. Qxd2 d6 6. Bg2 Nf6 7. Nc3 O-O 8.
Nf3 Qe7 9. O-O Re8 10. h3 e4 11. Ne1 Bf5 12. Nc2 h5 13. Ne3 Bg6 14. Rae1 Qc7
15. d5 c5 16. f4 exf3 17. exf3 Nbd7 18. f4 Ne4 19. Nxe4 Bxe4 20. Bxe4 Rxe4 21.
Nf5 Rae8 22. Rxe4 Rxe4 23. Re1 Rxe1+ 24. Qxe1 Nf6 25. Kg2 Qd7 26. Ne3 Qe7 27.
Nc2 Qxe1 28. Nxe1 Ne4 29. b3 f5 30. Nf3 Kf7 31. Ng5+ Nxg5 32. fxg5 Kg6 33. h4
Kf7 34. Kf3 g6 35. Ke3 Ke7 36. Kd3 Kd7 37. Kc3 Kc7 38. a3 1/2-1/2

[Event "Reykjavik Open 2009"]
[Site "Reykjavik"]
[Date "2009.04.01"]
[Round "9.32"]
[White "Sofrigin, Alexej"]
[Black "Andersson, Christin"]
[Result "1-0"]
[WhiteElo "2252"]
[BlackElo "2132"]
[PlyCount "187"]
[EventDate "2009.03.24"]

1. Nf3 Nf6 2. g3 g6 3. Bg2 Bg7 4. O-O d5 5. d4 O-O 6. c4 dxc4 7. Ne5 c6 8. Nxc4
Be6 9. Qd3 Na6 10. a3 Bf5 11. e4 Nc5 12. Qe2 Ncxe4 13. Nc3 Nd6 14. Ne3 Be6 15.
Rd1 Qd7 16. d5 cxd5 17. Nexd5 Nxd5 18. Nxd5 Rfd8 19. Bg5 Bf8 20. Rac1 Rac8 21.
Rxc8 Rxc8 22. Qe3 b6 23. h4 Rc5 24. b4 Rc8 25. h5 Qa4 26. Re1 Nf5 27. Qd3 Rd8
28. hxg6 hxg6 29. Bxe7 Nxe7 30. Nf6+ Kg7 31. Qxd8 Qxa3 32. Ne8+ Kg8 33. b5 Qb4
34. Ra1 Qb2 35. Qd1 Qxb5 36. Nf6+ Kg7 37. Qd4 Nf5 38. Qc3 Qc4 39. Qe5 Qd4 40.
Ne8+ Kg8 41. Qxd4 Nxd4 42. Rxa7 Bc5 43. Ra8 Kh7 44. g4 Kh6 45. Ra7 Bc4 46. Bf1
Be6 47. Kg2 Bd5+ 48. Kg3 b5 49. Rc7 Bb6 50. Re7 Be6 51. Rb7 Bc5 52. Bxb5 f5 53.
g5+ Kxg5 54. f4+ Kh6 55. Rc7 Bb4 56. Bc4 Ba5 57. Bxe6 Nxe6 58. Re7 Be1+ 59. Kf3
Nd4+ 60. Ke3 Nc6 61. Rc7 Nb4 62. Rd7 Bc3 63. Nd6 Be1 64. Nf7+ Kg7 65. Ne5+ Kf6
66. Rd6+ Ke7 67. Rxg6 Nd5+ 68. Kf3 Bc3 69. Nd3 Bf6 70. Rg8 Ke6 71. Ra8 Nc7 72.
Rb8 Nd5 73. Ra8 Nc7 74. Ra5 Ne8 75. Ne5 Nc7 76. Nc4 Ne8 77. Ra6+ Ke7 78. Ne3
Kf7 79. Nxf5 Kg6 80. Kg4 Nc7 81. Ra7 Nd5 82. Rd7 Nc3 83. Ng3 Nb5 84. Ne4 Ba1
85. f5+ Kh6 86. Ng5 Bg7 87. Nf7+ Kh7 88. f6 Bxf6 89. Nd6+ Kg8 90. Nxb5 Kf8 91.
Kf5 Ke8 92. Ke6 Bb2 93. Rf7 Bh8 94. Nd6+ 1-0

[Event "Reykjavik Open 2009"]
[Site "Reykjavik"]
[Date "2009.04.01"]
[Round "9.33"]
[White "Bjornsson, Tomas"]
[Black "Hug, Marcel"]
[Result "0-1"]
[WhiteElo "2173"]
[BlackElo "2257"]
[PlyCount "165"]
[EventDate "2009.03.24"]

1. e4 e5 2. Nf3 d6 3. d4 exd4 4. Nxd4 Nf6 5. Nc3 Be7 6. Be2 O-O 7. O-O Re8 8.
f4 c5 9. Nf3 Nc6 10. h3 Bf8 11. Bd3 a6 12. a4 Nb4 13. f5 h6 14. b3 d5 15. e5 c4
16. Be2 Bc5+ 17. Kh2 Ne4 18. Bb2 Bxf5 19. bxc4 Nxc3 20. Bxc3 Nxc2 21. cxd5 Ne3
22. Qb3 Qxd5 23. Qxd5 Nxd5 24. Bb2 Ne3 25. Rfc1 Rac8 26. Rc3 Nd5 27. Rb3 Nf4
28. Bf1 Be4 29. Rc1 Be7 30. a5 Ne6 31. Rbc3 Rxc3 32. Rxc3 Rd8 33. Re3 Bc6 34.
Bc3 Bc5 35. Re1 g5 36. Bc4 Bd5 37. Bxd5 Rxd5 38. Rb1 Rd7 39. Nd2 Kg7 40. Ne4
Be7 41. Rb6 Kf8 42. Bb4 Bxb4 43. Rxb4 Nd8 44. Nd6 Re7 45. Rc4 Rxe5 46. Rc8 Ke7
47. Rxd8 Rd5 48. Rb8 Kxd6 49. Rxb7 Ke6 50. g4 Rxa5 51. Rb6+ Ke5 52. Rxh6 Ra2+
53. Kg3 Ra3+ 54. Kg2 f6 55. Rh8 Kf4 56. Kf2 Ra2+ 57. Kg1 Kg3 58. Kf1 Rh2 59.
Rh6 Rxh3 60. Rxf6 Rh1+ 61. Ke2 Ra1 62. Rc6 Ra2+ 63. Kf1 Kxg4 64. Rc4+ Kh3 65.
Rc3+ Kh4 66. Kg1 g4 67. Rd3 a5 68. Rc3 a4 69. Kh1 g3 70. Rc8 g2+ 71. Kg1 Kg4
72. Rf8 Kg3 73. Rg8+ Kf3 74. Rg3+ Ke4 75. Rh3 Kd4 76. Rg3 Ke4 77. Rh3 Kd4 78.
Rg3 Kc4 79. Rg4+ Kb3 80. Rg3+ Kb2 81. Rxg2+ Kb1 82. Rg4 a3 83. Rb4+ 0-1

[Event "Reykjavik Open 2009"]
[Site "Reykjavik"]
[Date "2009.04.01"]
[Round "9.34"]
[White "Karlovich, Anastazia"]
[Black "Jonsson, Bjorn"]
[Result "1/2-1/2"]
[WhiteElo "2251"]
[BlackElo "2012"]
[PlyCount "137"]
[EventDate "2009.03.24"]

1. e4 c5 2. Nf3 d6 3. Bc4 Nf6 4. e5 dxe5 5. Nxe5 e6 6. Qe2 Be7 7. b3 O-O 8. Bb2
Nd5 9. O-O Nb4 10. Qg4 Bf6 11. Qe4 N8c6 12. f4 g6 13. a3 Nd5 14. a4 Bg7 15. Na3
a6 16. Nxc6 bxc6 17. Bxg7 Kxg7 18. Be2 Qf6 19. c3 Rd8 20. Nc4 a5 21. Ne5 Bb7
22. Rae1 h5 23. Rf2 Qe7 24. Bd1 Nf6 25. Qe3 Nd5 26. Qg3 Nf6 27. Bc2 h4 28. Qxh4
Rh8 29. Qg3 Rh6 30. Ng4 Nxg4 31. Qxg4 Qh4 32. Qxh4 Rxh4 33. Re5 Rah8 34. g3
R4h5 35. Rfe2 Kf6 36. h4 Rd8 37. Rxh5 gxh5 38. Kf2 Ba6 39. c4 Ke7 40. Ke1 f6
41. Re3 Bc8 42. Be4 Bd7 43. Bf3 Rh8 44. Ke2 Kd6 45. Rd3+ Ke7 46. Ke3 Be8 47. f5
e5 48. Kf2 Bd7 49. Be4 Rg8 50. Kg2 Rd8 51. Re3 Be8 52. Re2 Rb8 53. Bc2 Bd7 54.
Kh3 Rg8 55. Kg2 Rg4 56. Kf3 Rg8 57. Rg2 Rg4 58. Ke3 Kf7 59. Be4 Ke7 60. Rg1 Kf7
61. Kf3 Ke7 62. Ke3 Kf7 63. d3 Ke7 64. Rg2 Kf7 65. Bf3 Bxf5 66. Bxc6 Rd4 67.
Rd2 Bg6 68. Bf3 Ke7 69. Be2 1/2-1/2

[Event "Reykjavik Open 2009"]
[Site "Reykjavik"]
[Date "2009.04.01"]
[Round "9.35"]
[White "Ostling, Hakan"]
[Black "Ptacnikova, Lenka"]
[Result "0-1"]
[WhiteElo "2151"]
[BlackElo "2249"]
[PlyCount "146"]
[EventDate "2009.03.24"]

1. f4 d5 2. Nf3 Nf6 3. e3 g6 4. b4 Bg4 5. Bb2 Bg7 6. Be2 O-O 7. O-O c6 8. a4
Nbd7 9. Na3 a5 10. b5 c5 11. c4 Nb6 12. h3 Bf5 13. g4 Be6 14. Ng5 Bc8 15. cxd5
Nbxd5 16. Nc4 h6 17. Nf3 Ne4 18. Bxg7 Kxg7 19. Kg2 b6 20. Qc2 Nd6 21. Nfe5 Bb7
22. Bf3 Qc7 23. Rac1 Rad8 24. Rfd1 Nb4 25. Qb1 Bxf3+ 26. Nxf3 Nxc4 27. Rxc4 Nd3
28. Qa1+ Kg8 29. Ne5 Nxe5 30. Qxe5 Qxe5 31. fxe5 Rd3 32. Kf2 Rfd8 33. Ke2 g5
34. Re4 Kf8 35. Rc4 Ke8 36. Re4 R8d5 37. e6 f6 38. Ke1 Kd8 39. Ke2 Kc7 40. Ke1
Kc8 41. Ke2 Kd8 42. Rc4 Kc7 43. Re4 Kd6 44. Ke1 Re5 45. Rxe5 Kxe5 46. Ke2 Rd6
47. d3 Kxe6 48. Rh1 Kf7 49. Rd1 Kg6 50. Kf3 h5 51. Ke4 hxg4 52. hxg4 Rd8 53.
Rc1 e5 54. Rh1 Kg7 55. Rh2 Rd6 56. Rh1 Rd7 57. Rh2 Rd8 58. Rh1 Kg8 59. Rh6 Kg7
60. Rh1 Rc8 61. Kd5 c4 62. dxc4 Rc5+ 63. Ke6 Rxc4 64. Rd1 Rxg4 65. Rd6 Kg6 66.
Rxb6 Rxa4 67. Ke7 Kf5 68. Rxf6+ Ke4 69. Kd6 Rb4 70. Kc5 g4 71. Ra6 g3 72. Rxa5
Rb1 73. Ra2 Kf3 0-1

[Event "Reykjavik Open 2009"]
[Site "Reykjavik"]
[Date "2009.04.01"]
[Round "9.36"]
[White "Gudmundsson, Stefan Freyr"]
[Black "Thorhallsson, Gylfi"]
[Result "1-0"]
[WhiteElo "2092"]
[BlackElo "2219"]
[PlyCount "109"]
[EventDate "2009.03.24"]

1. e4 c5 2. Nc3 Nc6 3. g3 Nf6 4. Bg2 e6 5. Nf3 d6 6. d3 Be7 7. O-O O-O 8. h3 a6
9. Nh2 Qc7 10. f4 b5 11. g4 b4 12. Ne2 d5 13. g5 Ne8 14. exd5 exd5 15. f5 Qd8
16. h4 a5 17. Ng4 Ra6 18. Ng3 Nd4 19. Be3 Qc7 20. Bxd4 Qxg3 21. Bf2 Qc7 22. Qf3
d4 23. Rae1 Bd6 24. Re2 Bd7 25. Rfe1 Qc8 26. Ne5 Bxe5 27. Rxe5 f6 28. Qd5+ Kh8
29. Qxc5 Qxc5 30. Rxc5 fxg5 31. hxg5 Nd6 32. f6 Nf5 33. Bh3 g6 34. Bxf5 Bxf5
35. Bxd4 h6 36. Rxf5 gxf5 37. g6 Rfxf6 38. Bxf6+ Rxf6 39. Re5 Kg7 40. Rxa5 Kxg6
41. Rb5 Rc6 42. Rxb4 Rxc2 43. a4 Kg5 44. a5 Rc1+ 45. Kg2 Ra1 46. Rb5 Kg4 47. d4
h5 48. d5 h4 49. d6 Rd1 50. a6 f4 51. a7 h3+ 52. Kf2 h2 53. a8=Q h1=Q 54. Qg8+
Kh4 55. Qg5+ 1-0

[Event "Reykjavik Open 2009"]
[Site "Reykjavik"]
[Date "2009.04.01"]
[Round "9.40"]
[White "Bergsson, Stefan"]
[Black "Olafsson, Thorvardur"]
[Result "0-1"]
[WhiteElo "2079"]
[BlackElo "2182"]
[PlyCount "30"]
[EventDate "2009.03.24"]

1. e4 e5 2. Nf3 Nc6 3. Bc4 Nf6 4. O-O Nxe4 5. d4 exd4 6. Re1 d5 7. Bxd5 Qxd5 8.
Nc3 Qh5 9. Nxe4 Be6 10. Bg5 Bd6 11. Bf6 Bxh2+ 12. Nxh2 Qxd1 13. Raxd1 gxf6 14.
Ng4 f5 15. f4 O-O-O 0-1

[Event "Reykjavik Open 2009"]
[Site "Reykjavik"]
[Date "2009.04.01"]
[Round "9.41"]
[White "Thorsteinsson, Erlingur"]
[Black "Filosof, Asi"]
[Result "1-0"]
[WhiteElo "2130"]
[BlackElo "1986"]
[PlyCount "97"]
[EventDate "2009.03.24"]

1. Nf3 g6 2. e4 Bg7 3. d4 d6 4. Nc3 Nd7 5. Bc4 e6 6. Bg5 Ne7 7. Qd2 h6 8. Be3
a6 9. a4 b6 10. O-O Bb7 11. Rfe1 Nf6 12. d5 e5 13. h3 g5 14. Nh2 Ng6 15. Bf1
O-O 16. Ng4 Bc8 17. Nxf6+ Bxf6 18. Ne2 h5 19. Ng3 Nf4 20. c4 h4 21. Nf5 Bxf5
22. exf5 Qd7 23. g3 Qxf5 24. Kh2 Ng6 25. a5 bxa5 26. Rxa5 e4 27. Bg2 Ne5 28.
Ra4 Rfe8 29. b3 g4 30. Bf4 Nf3+ 31. Bxf3 exf3 32. Ra2 gxh3 33. Qd1 Rxe1 34.
Qxe1 Kg7 35. Qe3 hxg3+ 36. fxg3 Qb1 37. Rf2 Qa1 38. Qxf3 Re8 39. Qg4+ Kf8 40.
Bh6+ Bg7 41. Qd7 Re7 42. Qd8+ Re8 43. Qxc7 Re7 44. Qd8+ Re8 45. Qxd6+ Kg8 46.
Bxg7 Qxg7 47. Qf4 Qg6 48. d6 Re4 49. d7 1-0

[Event "Reykjavik Open 2009"]
[Site "Reykjavik"]
[Date "2009.04.01"]
[Round "9.42"]
[White "Tratatovici, Dan"]
[Black "Gudmundsson, Kjartan"]
[Result "1-0"]
[WhiteElo "2122"]
[BlackElo "2009"]
[PlyCount "59"]
[EventDate "2009.03.24"]

1. e4 d6 2. d4 Nf6 3. Nc3 g6 4. f4 Bg7 5. Nf3 c5 6. Bb5+ Bd7 7. e5 Ng4 8. Bxd7+
Qxd7 9. d5 dxe5 10. h3 e4 11. Nxe4 Nf6 12. Ne5 Qa4 13. Nc3 Qd4 14. Qf3 Nbd7 15.
Nd3 O-O 16. Be3 Qc4 17. O-O Rac8 18. a4 a6 19. a5 b5 20. axb6 Nxb6 21. Ne5 Qb4
22. Rfb1 Rfe8 23. Rxa6 Nbd7 24. d6 exd6 25. Nxd7 Nxd7 26. Nd5 Qc4 27. Rxd6 Qxc2
28. Rc1 Qxb2 29. Rxd7 Rxe3 30. Qxe3 1-0

[Event "Reykjavik Open 2009"]
[Site "Reykjavik"]
[Date "2009.04.01"]
[Round "9.46"]
[White "Magnusson, Patrekur Maron"]
[Black "Rodriguez Fonseca, Jorge"]
[Result "1-0"]
[WhiteElo "1902"]
[BlackElo "2052"]
[PlyCount "79"]
[EventDate "2009.03.24"]

1. d4 d5 2. c4 e6 3. Nf3 f5 4. g3 Nf6 5. Bg2 c6 6. O-O Bd6 7. Bf4 Bxf4 8. gxf4
Nbd7 9. Nbd2 O-O 10. Qc2 Ng4 11. e3 Qe7 12. Rab1 Ndf6 13. h3 Nh6 14. Ne5 Ne4
15. Ndf3 Bd7 16. b4 Rac8 17. a4 Nf7 18. Nxf7 Rxf7 19. c5 a6 20. Kh2 g5 21. Ne5
Rg7 22. Bxe4 fxe4 23. fxg5 Rf8 24. Rg1 Rf5 25. f3 exf3 26. Qf2 Be8 27. Rg3
Rfxg5 28. Rbg1 Rxg3 29. Rxg3 Rxg3 30. Qxg3+ Qg7 31. Nxf3 h6 32. Qxg7+ Kxg7 33.
Kg3 Bg6 34. Kf4 Bf5 35. Ke5 Bxh3 36. Kd6 Kf6 37. Kc7 Ke7 38. Kxb7 Kd7 39. Ne5+
Kd8 40. Nxc6+ 1-0